Motherland and progress : (Titelsatznr. 53120)
[ MARC ]
| 000 -Satzkennung | |
|---|---|
| Kontrollfeld mit fester Länge | 01245nam a22003251c 4500 |
| 001 - Kontrollnummer | |
| Kontrollfeld | a987681146 |
| 008 - Feld mit fester Länge zur physischen Beschreibung - Allgemeine Angaben | |
| Kontrollfeld mit fester Länge | 161209s2016 gw |||| 000u eng d |
| 020 ## - Internationale Standardbuchnummer | |
| Internationale Standardbuchnummer | 9783035610093 |
| -- | 978-303-561-0109 |
| Verknüpfung | 978-303-561-0093 |
| 041 ## - Sprachcode | |
| Sprachcode des Textes/der Tonspur oder des separaten Titels | eng |
| 040 ## - Katalogisierungsquelle | |
| Übertragungsstelle | RU-10907106 |
| 003 - Kontrollnummer Identifier | |
| Kontrollfeld | RU-10907106 |
| 245 00 - Titel | |
| Titel | Motherland and progress : |
| Zusatz zum Titel | Hungarian architecture and design 1800-1900 / |
| Verfasserangabe etc. | József Sisa (ed.) |
| 246 10 - Titelvarianten | |
| Hauptsachtitel/Kurztitel | Print version: Motherland and progress : Hungarian architecture and design 1800-1900. Basel, Switzerland : Birkhäuser, c2016 996 pages 9783035610093 |
| 264 ## - Produktion, Veröffentlichung, Distribution, Herstellung und Urheberrechtsvermerk | |
| Herstellungs-, Veröffentlichungs- Vertriebs-, Erzeugungsort | Basel, Switzerland : |
| Produzent, Herausgeber, Distributor, Hersteller | Birkhäuser, |
| Datum der Herstellung, der Veröffentlichung, des Vertriebs oder des Urheberschutzvermerks | 2016 |
| 300 ## - Physische Beschreibung | |
| Umfang | 1 online resource (996 pages) |
| 336 ## - Inhaltstyp | |
| Inhaltstypterm | Text |
| Inhaltstypcode | txt |
| Quelle | rdacontent |
| 337 ## - Medientyp | |
| Bezeichnung des Medientyps | Computermedien |
| Medientypcode | c |
| Quelle | rdamedia |
| 338 ## - Datenträgertyp | |
| Datenträgertypbezeichnung | Online-Ressource |
| Datenträgertypcode | cr |
| Quelle | rdacarrier |
| 500 ## - Allgemeine Fußnote | |
| Allgemeine Fußnote | E-Book-ProQuest / Fernzugriff nach Registrierung möglich |
| 500 ## - Allgemeine Fußnote | |
| Allgemeine Fußnote | Includes bibliographical references and indexes |
| 648 #0 - Nebeneintragung unter einem Schlagwort - Zeitschlagwort | |
| Zeitschlagwort | 1800-1900 |
| 650 #0 - Nebeneintragung unter einem Schlagwort - Sachschlagwort | |
| Sachschlagwort oder geografischer Name als Eintragungselement | Architektur |
| 650 #0 - Nebeneintragung unter einem Schlagwort - Sachschlagwort | |
| Sachschlagwort oder geografischer Name als Eintragungselement | Design |
| 651 #0 - Nebeneintragung unter einem Schlagwort - Geografischer Name | |
| Geografischer Name | Ungarn |
| 655 #0 - Indexierungsterm - Genre/Form | |
| Genre/Form oder fokussierter Term | Aufsatzsammlung |
| 655 #0 - Indexierungsterm - Genre/Form | |
| Genre/Form oder fokussierter Term | Fernzugriff |
| 700 1# - Nebeneintragung - Personenname | |
| Personenname | Sisa, József |
| Funktionsbezeichnung | HerausgeberIn |
| 856 4# - Elektronische Adresse und Zugriff | |
| URL | <a href="http://ebookcentral.proquest.com/lib/maxweberstiftung-ebooks/detail.action?docID=4718366">http://ebookcentral.proquest.com/lib/maxweberstiftung-ebooks/detail.action?docID=4718366</a> |
| 942 ## - Zusätzliche Felder (Koha) | |
| Koha-Medientyp | E-Books |
| Ausgeschieden | Verloren | Beschädigt | Nicht entleihbar | Heimatbibliothek | Aufenthaltsbibliothek | Aufstellungsort | Erwerbungsdatum | Inventarnummer | Signatur | Barcode | Letzte Aktivität | Preis gültig von | Koha-Medientyp |
|---|---|---|---|---|---|---|---|---|---|---|---|---|---|
| MWN Osteuropa | MWN Osteuropa | Online-Ressource | 09/12/2016 | 16-e00224 | E-16-e00224 | W 50 F v Sis | 53134 | 18/03/2021 | 22/03/2021 | E-Books |